Poistenie zodpovednosti

Povinné zmluvné poistenie profesijnej zodpovednosti za škodu. Predpoklady zodpovednosti za škodu: protiprávny úkon, ujma (škoda), príčinná súvislosť medzi protiprávnym úkonom a škodou, zavinenie.

Guardado en:
Detalles Bibliográficos
Autor principal: Krátka, Zuzana, 1968-
Formato: Capítulo de libro
Lenguaje:eslovaco
Materias:
Etiquetas: Agregar Etiqueta
Sin Etiquetas, Sea el primero en etiquetar este registro!

MARC

LEADER 00000naa$a2200000$$$4500
001 0073903
005 20240502071857.8
041 0 |a slo 
044 |a SK 
245 1 0 |a Poistenie zodpovednosti  |c Zuzana Krátka 
520 |a Povinné zmluvné poistenie profesijnej zodpovednosti za škodu. Predpoklady zodpovednosti za škodu: protiprávny úkon, ujma (škoda), príčinná súvislosť medzi protiprávnym úkonom a škodou, zavinenie. 
610 2 0 |a poistenie zodpovednostné 
610 2 0 |a poistenie zodpovednosti za škody 
610 2 0 |a poistenie zmluvné 
610 2 0 |a povolania 
100 1 |a Krátka, Zuzana, 1968-